000 00348pab a2200145 454500
008 180718b1997 xxu||||| |||| 00| 0 eng d
245 _aREVIEW of agriculture
260 _c1997
300 _ap.A150-200
362 _a27 Dec
650 _aAgriculture - India
650 _aAgriculture
773 _aEconomic and Political Weekly
909 _a36128
999 _c36128
_d36128